000 00380nam a22001577a 4500
003 MACL
005 20151119115351.0
008 151119b xxu||||| |||| 00| 0 eng d
040 _cMACL
041 _aHINDI
082 _a004
100 _aगोपाल मदन
_917522
245 _aजन सम्‍पर्क
650 _aसंवाद
_917523
942 _2ddc
_cHIN
999 _c50716
_d50716